[Event "FRA-ch op-C"]
[Site "Chartres"]
[Date "2005.??.??"]
[Round "7"]
[White "Ababsa, Tufek"]
[Black "Saint Paul, Guillaume"]
[Result "1-0"]
[WhiteElo "1700"]
[BlackElo "1620"]
[PlyCount "71"]
[EventDate "2005.08.15"]
[EventType "swiss"]
[EventRounds "11"]
[EventCountry "FRA"]
[SourceTitle "EXT 2006"]
[Source "ChessBase"]
[SourceDate "2005.11.24"]
[SourceVersion "1"]
[SourceVersionDate "2005.11.24"]
[SourceQuality "1"]

1. e4 e6 2. d3 d5 3. Nd2 dxe4 4. Nxe4 Nd7 5. Nf3 Ngf6 6. Bf4 Be7 7. Be2 b6 8. 0-0 Bb7 9. Nc3 0-0 10. Re1 Bd6 11. Bg5 c5 12. h4 h6 13. Bd2 Rc8 14. Nh2 Qc7 15. Nf1 Bc6 16. g4 Bf4 17. g5 hxg5 18. hxg5 Nh7 19. Ne4 Bxe4 20. dxe4 Bxg5 21. Bd3 c4 22. Be2 Rcd8 23. Qc1 Bxd2 24. Qxd2 Ndf6 25. Qe3 Qe5 26. Ng3 Qxb2 27. Kg2 Qd4 28. Qf4 e5 29. Qh4 Nxe4 30. Qxe4 Qxe4+ 31. Nxe4 b5 32. Rad1 f5 33. Nc3 b4 34. Bxc4+ Kh8 35. Nd5 Nf6 36. Nxb4 1-0